Повышение надёжности и экономичности схем электроснабжения объектов нефтедобычи НГДУ " Стрежевойнефть "; Комплекс программ " Оперативные расчёты токов коротких замыканий в системах электроснабжения нефтепромыслов ".: Промежуточный отчет о НИР; Тема : х/д 9 - 25/86

Bibliographic Details
Corporate Author: Томский политехнический институт (ТПИ) (595)
Other Authors: Готман В. И. (руководитель), Слюсаренко С. Г. (исполнитель)
Language:Russian
Published: Томск, 1988
Subjects:
Format: Book
KOHA link:https://koha.lib.tpu.ru/cgi-bin/koha/opac-detail.pl?biblionumber=153006

MARC

LEADER 00000nbm0a2200000 4500
001 153006
005 20231031151223.0
029 0 0 |a SU  |b 01860104608  |f ТПУ 
035 |a (RuTPU)RU\TPU\book\165900 
090 |a 153006 
100 |a 20090207d1988 k y0rusy50 ca 
101 0 |a rus 
102 |a RU 
105 |a a p 001zy 
200 1 |a Повышение надёжности и экономичности схем электроснабжения объектов нефтедобычи НГДУ " Стрежевойнефть "  |a Комплекс программ " Оперативные расчёты токов коротких замыканий в системах электроснабжения нефтепромыслов ".  |e Промежуточный отчет о НИР  |e Тема : х/д 9 - 25/86  |f Томский политехнический институт (ТПИ) ; руководитель В. И. Готман ; С. Г. Слюсаренко 
210 |a Томск  |d 1988 
215 |a 55 л. 
320 |a Библиогр.: с. 50 
610 1 |a электроснабжение 
610 1 |a схемы 
610 1 |a надежность 
610 1 |a экономичность 
610 1 |a нефтедобыча 
610 1 |a короткие замыкания 
610 1 |a нефтепромыслы 
610 1 |a расчеты 
610 1 |a электрический ток 
610 1 |a отчеты о НИР 
675 |a 622.323.012 : 658.26(04)  |v 3 
702 1 |a Готман  |b В. И.  |4 673 
702 1 |a Слюсаренко  |b С. Г.  |4 677 
712 0 2 |a Томский политехнический институт (ТПИ)  |c (1944-1991)  |2 stltpush  |3 (RuTPU)RU\TPU\col\1123  |4 595 
801 1 |a RU  |b 63413507  |c 20090207  |g PSBO 
801 2 |a RU  |b 63413507  |c 20090207  |g PSBO 
942 |c BK